|
|
|
|
| LEADER |
00000nab a2200000 4500 |
| 001 |
vtls012134585 |
| 003 |
SK-MaSNL |
| 005 |
20260303100828.0 |
| 008 |
220511|1989 xo wr p || |||| ||cze |
| 015 |
|
|
|a SNBRB 2015
|2 svkbbbg
|
| 038 |
|
|
|a SVKBBBG
|
| 040 |
|
|
|a SVKBBBG
|b slo
|c SVKBBBG
|e rda
|
| 041 |
0 |
|
|a cze
|
| 043 |
|
|
|a e-xo---
|
| 044 |
|
|
|a xo
|c SK
|
| 072 |
|
7 |
|a 796
|x Šport. Hry. Telesné cvičenia
|2 konspekt
|
| 080 |
|
|
|a 796/799
|2 2011
|
| 100 |
1 |
|
|a (nš, VAP)
|4 aut
|9 1111966
|
| 245 |
1 |
0 |
|a 6000 lyžařů v Bílé stopě : začala sportovní část Čs. spartakiády 1990
|c (nš, VAP)
|
| 336 |
|
|
|a text
|b txt
|2 rdacontent
|
| 337 |
|
|
|a bez média
|b n
|2 rdamedia
|
| 338 |
|
|
|a zväzok
|b nc
|2 rdacarrier
|
| 611 |
|
7 |
|a Biela stopa SNP
|n (16. :
|d 1989 :
|c Banská Bystrica, Slovensko)
|2 snkbucl
|9 960939
|
| 650 |
0 |
7 |
|a beh na lyžiach
|2 SNKPH
|9 3259
|
| 655 |
|
7 |
|a články z novín a časopisov
|2 SNKPH
|9 267496
|
| 665 |
|
|
|a Názov Biela stopa SNP sa používal do roku 2004. Od roku 2005 vypadne z oficiálneho názvu Bielej stopy prívlastok "SNP"
|
| 773 |
0 |
|
|t Rudé právo : orgán Ústředního výboru Komunistické strany Československa
|g Roč. 69, č. 37 (13. 2. 1989), s. 1
|x 0032-6569
|
| 852 |
|
|
|a SVKBB
|b KIS3GCP
|
| 958 |
|
|
|a BP
|
| 999 |
|
|
|c 1834821
|d 1836751
|